[Event "Stay Safe Play From Home 222"]
[Site "T#646744Emanuel Laske"]
[Date "2020.06.12"]
[Round "3"]
[White "Erdema"]
[Black "Timbre"]
[Result "1-0"]
[WhiteElo "1566"]
[BlackElo "1636"]
[Annotator "NA RC"]
[PlyCount "159"]
[EventDate "2020.06.12"]
[EventType "swiss (blitz)"]

1. e4 {[%emt 0:00:01]} c6 {[%emt 0:00:02]} 2. d4 {[%emt 0:00:02]} d5 {[%emt 0:00:01]} 3. exd5 {[%emt 0:00:01]} cxd5 {[%emt 0:00:02]} 4. Bd3 {[%emt 0:00:02]} Nf6 {[%emt 0:00:01]} 5. Nc3 {[%emt 0:00:03]} Nc6 {[%emt 0:00:01]} 6. Nf3 {[%emt 0:00:03]} Bg4 {[%emt 0:00:02]} 7. Be3 {[%emt 0:00:02]} e6 {[%emt 0:00:02]} 8. O-O {[%emt 0:00:02]} a6 {[%emt 0:00:03]} 9. a3 {[%emt 0:00:02]} Bd6 {[%emt 0:00:02]} 10. h3 {[%emt 0:00:05]} Bh5 {[%emt 0:00:02]} 11. Be2 {[%emt 0:00:03]} Rc8 {[%emt 0:00:04]} 12. Ng5 {[%emt 0:00:05]} Bxe2 {[%emt 0:00:04]} 13. Qxe2 {[%emt 0:00:02]} h6 {[%emt 0:00:02]} 14. Nf3 {[%emt 0:00:03]} O-O {[%emt 0:00:02]} 15. Qd2 {[%emt 0:00:02]} e5 {[%emt 0:00:04]} 16. dxe5 {[%emt 0:00:03]} Nxe5 {[%emt 0:00:02]} 17. Nxe5 {[%emt 0:00:12]} Bxe5 {[%emt 0:00:02]} 18. Bd4 {[%emt 0:00:02]} Bxd4 {[%emt 0:00:02]} 19. Qxd4 {[%emt 0:00:02]} Rc4 {[%emt 0:00:02]} 20. Qd3 {[%emt 0:00:02]} Rf4 {[%emt 0:00:10]} 21. Rad1 {[%emt 0:00:04]} Re8 {[%emt 0:00:10]} 22. Nxd5 {[%emt 0:00:04]} Nxd5 {[%emt 0:00:02]} 23. Qxd5 {[%emt 0:00:02]} Qb6 {[%emt 0:00:07]} 24. b3 {[%emt 0:00:07]} Rfe4 {[%emt 0:00:02]} 25. Qd6 {[%emt 0:00:10]} Qa5 {[%emt 0:00:06]} 26. a4 {[%emt 0:00:07]} Qc3 {[%emt 0:00:05]} 27. Qd3 {[%emt 0:00:04]} Qc6 {[%emt 0:00:03]} 28. Qd2 {[%emt 0:00:04]} Re2 {[%emt 0:00:06]} 29. Qd3 {[%emt 0:00:06]} Rxc2 {[%emt 0:00:03]} 30. Qd7 {[%emt 0:00:04]} Qxd7 {[%emt 0:00:04]} 31. Rxd7 {[%emt 0:00:02]} b5 {[%emt 0:00:02]} 32. axb5 {[%emt 0:00:03]} axb5 {[%emt 0:00:02]} 33. Rd5 {[%emt 0:00:01]} Rb8 {[%emt 0:00:06]} 34. Rfd1 {[%emt 0:00:04]} Rc3 {[%emt 0:00:02]} 35. R1d3 {[%emt 0:00:05]} b4 {[%emt 0:00:02]} 36. Kf1 {[%emt 0:00:05]} Rc1+ {[%emt 0:00:06]} 37. Ke2 {[%emt 0:00:03]} Rc2+ {[%emt 0:00:01]} 38. Ke1 {[%emt 0:00:04]} Rc1+ {[%emt 0:00:01]} 39. Kd2 {[%emt 0:00:02]} Rf1 {[%emt 0:00:06]} 40. Ke2 {[%emt 0:00:02]} Rc1 {[%emt 0:00:02]} 41. Rd8+ {[%emt 0:00:03]} Rxd8 {[%emt 0:00:04]} 42. Rxd8+ {[%emt 0:00:03]} Kh7 {[%emt 0:00:02]} 43. Rd4 {[%emt 0:00:02]} Rc2+ {[%emt 0:00:03]} 44. Ke1 {[%emt 0:00:03]} Rc1+ {[%emt 0:00:01]} 45. Ke2 {[%emt 0:00:03]} Rc2+ {[%emt 0:00:01]} 46. Ke1 {[%emt 0:00:06]} Rc1+ {[%emt 0:00:01]} 47. Kd2 {[%emt 0:00:02]} Rf1 {[%emt 0:00:03]} 48. Rf4 {[%emt 0:00:02]} Rg1 {[%emt 0:00:07]} 49. g3 {[%emt 0:00:02]} f6 {[%emt 0:00:02]} 50. Rxb4 {[%emt 0:00:02]} Rg2 {[%emt 0:00:01]} 51. Ke2 {[%emt 0:00:03]} Rh2 {[%emt 0:00:03]} 52. h4 {[%emt 0:00:02]} Rh1 {[%emt 0:00:01]} 53. Kf3 {[%emt 0:00:02]} Rb1 {[%emt 0:00:02]} 54. Rb7 {[%emt 0:00:03]} Kg6 {[%emt 0:00:03]} 55. b4 {[%emt 0:00:02]} Rb3+ {[%emt 0:00:04]} 56. Ke4 {[%emt 0:00:03]} Rb2 {[%emt 0:00:01]} 57. f3 {[%emt 0:00:03]} Rb3 {[%emt 0:00:03]} 58. g4 {[%emt 0:00:03]} h5 {[%emt 0:00:04]} 59. gxh5+ {[%emt 0:00:07]} Kxh5 {[%emt 0:00:02]} 60. f4 {[%emt 0:00:10]} Kxh4 {[%emt 0:00:01]} 61. Rxg7 {[%emt 0:00:03]} Rxb4+ {[%emt 0:00:02]} 62. Kf5 {[%emt 0:00:01]} Rb6 {[%emt 0:00:08]} 63. Rg6 {[%emt 0:00:03]} Kh5 {[%emt 0:00:04]} 64. Rxf6 {[%emt 0:00:03]} Rb5+ {[%emt 0:00:02]} 65. Ke4 {[%emt 0:00:02]} Rb4+ {[%emt 0:00:02]} 66. Kf3 {[%emt 0:00:02]} Rb3+ {[%emt 0:00:01]} 67. Ke4 {[%emt 0:00:02]} Rb4+ {[%emt 0:00:01]} 68. Ke5 {[%emt 0:00:04]} Kg4 {[%emt 0:00:03]} 69. f5 {[%emt 0:00:03]} Rb5+ {[%emt 0:00:02]} 70. Ke6 {[%emt 0:00:01]} Kg5 {[%emt 0:00:04]} 71. Rg6+ {[%emt 0:00:02]} Kf4 {[%emt 0:00:01]} 72. f6 {[%emt 0:00:03]} Re5+ {[%emt 0:00:02]} 73. Kf7 {[%emt 0:00:02]} Kf5 {[%emt 0:00:03]} 74. Rg8 {[%emt 0:00:04]} Rb5 {[%emt 0:00:04]} 75. Kg7 {[%emt 0:00:02]} Rb7+ {[%emt 0:00:02]} 76. f7 {[%emt 0:00:01]} Ke6 {[%emt 0:00:05]} 77. Re8+ {[%emt 0:00:02]} Kf5 {[%emt 0:00:03]} 78. Kg8 {[%emt 0:00:02]} Kf6 {[%emt 0:00:07]} 79. f8=Q+ {[%emt 0:00:02]} Rf7 {[%emt 0:00:02]} 80. Qxf7+ {[%emt 0:00:03] Timbre resigns (Lag: Av=0.96s, max=3.4s)} 1-0

[Event "Stay Safe Play From Home 222"]
[Site "T#646744Emanuel Laske"]
[Date "2020.06.12"]
[Round "3"]
[White "Topspin"]
[Black "Germanicus G"]
[Result "0-1"]
[WhiteElo "1460"]
[BlackElo "1615"]
[Annotator "NA RC"]
[PlyCount "64"]
[EventDate "2020.06.12"]
[EventType "swiss (blitz)"]

1. e4 {[%emt 0:00:04]} e6 {[%emt 0:00:03]} 2. d4 {[%emt 0:00:02]} d5 {[%emt 0:00:01]} 3. exd5 {[%emt 0:00:04]} exd5 {[%emt 0:00:04]} 4. Nf3 {[%emt 0:00:01]} Nf6 {[%emt 0:00:01]} 5. Bd3 {[%emt 0:00:01]} Bd6 {[%emt 0:00:00]} 6. O-O {[%emt 0:00:01]} O-O {[%emt 0:00:01]} 7. Bg5 {[%emt 0:00:01]} Nc6 {[%emt 0:00:03]} 8. Nbd2 {[%emt 0:00:01]} Nb4 {[%emt 0:00:01]} 9. Be2 {[%emt 0:00:09]} Bf5 {[%emt 0:00:02]} 10. c3 {[%emt 0:00:03]} Nc6 {[%emt 0:00:24]} 11. Re1 {[%emt 0:00:03]} Re8 {[%emt 0:00:06]} 12. Bb5 {[%emt 0:00:16]} Rxe1+ {[%emt 0:00:06]} 13. Qxe1 {[%emt 0:00:01]} h6 {[%emt 0:00:06]} 14. Bxf6 {[%emt 0:00:08]} Qxf6 {[%emt 0:00:02]} 15. Bxc6 {[%emt 0:00:01]} bxc6 {[%emt 0:00:02]} 16. Nb3 {[%emt 0:00:07]} Bg4 {[%emt 0:00:03]} 17. Nfd2 {[%emt 0:00:02]} Qg5 {[%emt 0:00:13]} 18. Kh1 {[%emt 0:00:13]} Bd7 {[%emt 0:00:14]} 19. g3 {[%emt 0:00:07]} Re8 {[%emt 0:00:04]} 20. Qf1 {[%emt 0:00:01]} Bf5 {[%emt 0:00:10]} 21. Re1 {[%emt 0:00:05]} Re6 {[%emt 0:00:13]} 22. Rxe6 {[%emt 0:00:02]} fxe6 {[%emt 0:00:10]} 23. Kg2 {[%emt 0:00:13]} Qh5 {[%emt 0:00:02]} 24. Qe1 {[%emt 0:00:10]} e5 {[%emt 0:00:06]} 25. dxe5 {[%emt 0:00:04]} Bxe5 {[%emt 0:00:02]} 26. Nd4 {[%emt 0:00:15]} Bxd4 {[%emt 0:00:04]} 27. cxd4 {[%emt 0:00:03]} Bh3+ {[%emt 0:00:06]} 28. Kg1 {[%emt 0:00:02]} Qf5 {[%emt 0:00:05]} 29. Qb1 {[%emt 0:00:21]} Qe6 {[%emt 0:00:05]} 30. Nf3 {[%emt 0:00:15]} Qe2 {[%emt 0:00:01]} 31. Ne5 {[%emt 0:00:18]} c5 {[%emt 0:00:15]} 32. Nc6 {[%emt 0:00:18]} Qf3 {[%emt 0:00:13] Topspin gibt auf (Lag: Av=0.75s, max=5.3s)} 0-1

[Event "Stay Safe Play From Home 222"]
[Site "T#646744Emanuel Laske"]
[Date "2020.06.12"]
[Round "4"]
[White "Lazieri3"]
[Black "Haris kollari 13"]
[Result "1-0"]
[WhiteElo "2039"]
[BlackElo "2033"]
[Annotator "NA RC"]
[PlyCount "117"]
[EventDate "2020.06.12"]
[EventType "swiss (blitz)"]

1. e4 {[%emt 0:00:02]} e6 {[%emt 0:00:01]} 2. e5 {[%emt 0:00:01]} d5 {[%emt 0:00:01]} 3. exd6 {[%emt 0:00:00]} cxd6 {[%emt 0:00:01]} 4. d4 {[%emt 0:00:00]} d5 {[%emt 0:00:01]} 5. c3 {[%emt 0:00:00]} Nc6 {[%emt 0:00:01]} 6. Bf4 {[%emt 0:00:01]} Bd6 {[%emt 0:00:02]} 7. Bxd6 {[%emt 0:00:01]} Qxd6 {[%emt 0:00:01]} 8. Nf3 {[%emt 0:00:00]} Nf6 {[%emt 0:00:01]} 9. Bd3 {[%emt 0:00:01]} h6 {[%emt 0:00:02]} 10. O-O {[%emt 0:00:01]} a6 {[%emt 0:00:01]} 11. h3 {[%emt 0:00:01]} Bd7 {[%emt 0:00:01]} 12. Re1 {[%emt 0:00:00]} O-O {[%emt 0:00:02]} 13. Ne5 {[%emt 0:00:01]} Rac8 {[%emt 0:00:04]} 14. Nd2 {[%emt 0:00:01]} Be8 {[%emt 0:00:02]} 15. Ndf3 {[%emt 0:00:04]} Ne7 {[%emt 0:00:02]} 16. Bc2 {[%emt 0:00:10]} b5 {[%emt 0:00:01]} 17. a3 {[%emt 0:00:01]} Bc6 {[%emt 0:00:08]} 18. Qd3 {[%emt 0:00:02]} Be8 {[%emt 0:00:18]} 19. Nh4 {[%emt 0:00:08]} Kh8 {[%emt 0:00:18]} 20. Ng4 {[%emt 0:00:07]} Neg8 {[%emt 0:00:03]} 21. Re3 {[%emt 0:00:09]} g6 {[%emt 0:00:07]} 22. Rae1 {[%emt 0:00:18]} Nxg4 {[%emt 0:00:02]} 23. hxg4 {[%emt 0:00:02]} Kg7 {[%emt 0:00:03]} 24. Rf3 {[%emt 0:00:16]} Nf6 {[%emt 0:00:06]} 25. Rg3 {[%emt 0:00:12]} Ne4 {[%emt 0:00:04]} 26. Rh3 {[%emt 0:00:11]} Ng5 {[%emt 0:00:08]} 27. Rhe3 {[%emt 0:00:05]} Ne4 {[%emt 0:00:03]} 28. Qe2 {[%emt 0:00:07]} Nf6 {[%emt 0:00:10]} 29. Re5 {[%emt 0:00:04]} Nd7 {[%emt 0:00:05]} 30. Re3 {[%emt 0:00:23]} a5 {[%emt 0:00:09]} 31. Nf3 {[%emt 0:00:04]} b4 {[%emt 0:00:02]} 32. axb4 {[%emt 0:00:01]} axb4 {[%emt 0:00:01]} 33. g5 {[%emt 0:00:03]} h5 {[%emt 0:00:03]} 34. Ne5 {[%emt 0:00:36]} bxc3 {[%emt 0:00:01]} 35. bxc3 {[%emt 0:00:05]} Nxe5 {[%emt 0:00:03]} 36. dxe5 {[%emt 0:00:01]} Qb6 {[%emt 0:00:07]} 37. g4 {[%emt 0:00:06]} Bb5 {[%emt 0:00:05]} 38. Qf3 {[%emt 0:00:02]} hxg4 {[%emt 0:00:04]} 39. Qf6+ {[%emt 0:00:16]} Kg8 {[%emt 0:00:11]} 40. Bxg6 {[%emt 0:00:02]} fxg6 {[%emt 0:00:11]} 41. Qxg6+ {[%emt 0:00:00]} Kh8 {[%emt 0:00:01]} 42. Kg2 {[%emt 0:00:17]} Rxf2+ {[%emt 0:00:14]} 43. Kxf2 {[%emt 0:00:01]} Rf8+ {[%emt 0:00:02]} 44. Kg2 {[%emt 0:00:22]} Bf1+ {[%emt 0:00:02]} 45. Rxf1 {[%emt 0:00:03]} Rxf1 {[%emt 0:00:01]} 46. Qe8+ {[%emt 0:00:03]} Kg7 {[%emt 0:00:04]} 47. Kxf1 {[%emt 0:00:01]} Qxe3 {[%emt 0:00:02]} 48. Qe7+ {[%emt 0:00:01]} Kh8 {[%emt 0:00:02]} 49. Qf6+ {[%emt 0:00:01]} Kh7 {[%emt 0:00:01]} 50. g6+ {[%emt 0:00:01]} Kh6 {[%emt 0:00:05]} 51. g7+ {[%emt 0:00:00]} Kh7 {[%emt 0:00:05]} 52. Qf8 {[%emt 0:00:02]} Qh3+ {[%emt 0:00:07]} 53. Ke2 {[%emt 0:00:05]} Qg2+ {[%emt 0:00:02]} 54. Kd3 {[%emt 0:00:02]} Qe4+ {[%emt 0:00:01]} 55. Kd2 {[%emt 0:00:01]} Qg2+ {[%emt 0:00:07]} 56. Kc1 {[%emt 0:00:02]} Qg1+ {[%emt 0:00:05]} 57. Kc2 {[%emt 0:00:03]} Qg2+ {[%emt 0:00:16]} 58. Kb3 {[%emt 0:00:03]} Qf3 {[%emt 0:00:11]} 59. g8=Q# {[%emt 0:00:01] (Lag: Av=0.52s, max=0.9s)} 1-0

[Event "Stay Safe Play From Home 222"]
[Site "T#646744Emanuel Laske"]
[Date "2020.06.12"]
[Round "4"]
[White "Archi-ak"]
[Black "Germanicus G"]
[Result "1-0"]
[WhiteElo "1798"]
[BlackElo "1625"]
[Annotator "NA RC"]
[PlyCount "29"]
[EventDate "2020.06.12"]
[EventType "swiss (blitz)"]

1. e4 {[%emt 0:00:01]} e6 {[%emt 0:00:02]} 2. d4 {[%emt 0:00:01]} d5 {[%emt 0:00:01]} 3. Nd2 {[%emt 0:00:00]} c5 {[%emt 0:00:02]} 4. exd5 {[%emt 0:00:06]} exd5 {[%emt 0:00:03]} 5. dxc5 {[%emt 0:00:01]} Bxc5 {[%emt 0:00:01]} 6. Ngf3 {[%emt 0:00:00]} Nf6 {[%emt 0:00:02]} 7. Bb5+ {[%emt 0:00:02]} Nc6 {[%emt 0:00:02]} 8. O-O {[%emt 0:00:02]} O-O {[%emt 0:00:02]} 9. Nb3 {[%emt 0:00:02]} Bg4 {[%emt 0:00:04]} 10. Nxc5 {[%emt 0:00:02]} Ne5 {[%emt 0:00:06]} 11. Be2 {[%emt 0:00:05]} Nxf3+ {[%emt 0:01:05]} 12. Bxf3 {[%emt 0:00:00]} Bxf3 {[%emt 0:00:01]} 13. Qxf3 {[%emt 0:00:01]} b6 {[%emt 0:00:14]} 14. Nd3 {[%emt 0:00:10]} d4 {[%emt 0:00:32]} 15. Bg5 {[%emt 0:00:02] Germanicus G gibt auf (Lag: Av=0.54s, max=1.2s)} 1-0

[Event "Stay Safe Play From Home 222"]
[Site "T#646744Emanuel Laske"]
[Date "2020.06.12"]
[Round "4"]
[White "Edmatuag"]
[Black "Timbre"]
[Result "1/2-1/2"]
[WhiteElo "1783"]
[BlackElo "1615"]
[Annotator "NA RC"]
[PlyCount "105"]
[EventDate "2020.06.12"]
[EventType "swiss (blitz)"]

1. e4 {[%emt 0:00:01]} c6 {[%emt 0:00:05]} 2. d4 {[%emt 0:00:02]} d5 {[%emt 0:00:01]} 3. Nc3 {[%emt 0:00:04]} dxe4 {[%emt 0:00:01]} 4. Nxe4 {[%emt 0:00:01]} Bf5 {[%emt 0:00:01]} 5. Ng3 {[%emt 0:00:03]} Bg6 {[%emt 0:00:01]} 6. Nf3 {[%emt 0:00:03]} Nd7 {[%emt 0:00:02]} 7. h4 {[%emt 0:00:01]} h6 {[%emt 0:00:02]} 8. h5 {[%emt 0:00:05]} Bh7 {[%emt 0:00:01]} 9. Bd3 {[%emt 0:00:01]} Bxd3 {[%emt 0:00:01]} 10. Qxd3 {[%emt 0:00:00]} e6 {[%emt 0:00:01]} 11. Bd2 {[%emt 0:00:05]} Ngf6 {[%emt 0:00:01]} 12. O-O-O {[%emt 0:00:03]} Bd6 {[%emt 0:00:01]} 13. Ne4 {[%emt 0:00:08]} Nxe4 {[%emt 0:00:01]} 14. Qxe4 {[%emt 0:00:01]} Nf6 {[%emt 0:00:01]} 15. Qe2 {[%emt 0:00:10]} Qc7 {[%emt 0:00:01]} 16. Kb1 {[%emt 0:00:04]} Qb6 {[%emt 0:00:04]} 17. c4 {[%emt 0:00:07]} Qc7 {[%emt 0:00:01]} 18. Bc3 {[%emt 0:00:07]} O-O-O {[%emt 0:00:03]} 19. Ne5 {[%emt 0:00:04]} Bxe5 {[%emt 0:00:03]} 20. dxe5 {[%emt 0:00:00]} Nd7 {[%emt 0:00:03]} 21. f4 {[%emt 0:00:02]} Nc5 {[%emt 0:00:08]} 22. Qc2 {[%emt 0:00:30]} Rxd1+ {[%emt 0:00:03]} 23. Rxd1 {[%emt 0:00:02]} Rd8 {[%emt 0:00:02]} 24. Rxd8+ {[%emt 0:00:08]} Qxd8 {[%emt 0:00:02]} 25. a3 {[%emt 0:00:17]} Nd3 {[%emt 0:00:02]} 26. Qd2 {[%emt 0:00:12]} Nc5 {[%emt 0:00:04]} 27. Qxd8+ {[%emt 0:00:17]} Kxd8 {[%emt 0:00:03]} 28. Kc2 {[%emt 0:00:02]} Ne4 {[%emt 0:00:05]} 29. Be1 {[%emt 0:00:03]} Kd7 {[%emt 0:00:04]} 30. Kd3 {[%emt 0:00:02]} Nc5+ {[%emt 0:00:04]} 31. Kc2 {[%emt 0:00:08]} f6 {[%emt 0:00:06]} 32. b4 {[%emt 0:00:04]} Ne4 {[%emt 0:00:02]} 33. exf6 {[%emt 0:00:04]} Nxf6 {[%emt 0:00:02]} 34. Kd3 {[%emt 0:00:02]} Nxh5 {[%emt 0:00:02]} 35. Ke4 {[%emt 0:00:15]} Nf6+ {[%emt 0:00:02]} 36. Kf3 {[%emt 0:00:01]} a6 {[%emt 0:00:02]} 37. Bc3 {[%emt 0:00:02]} b5 {[%emt 0:00:03]} 38. cxb5 {[%emt 0:00:04]} cxb5 {[%emt 0:00:02]} 39. g4 {[%emt 0:00:00]} Nd5 {[%emt 0:00:03]} 40. Bxg7 {[%emt 0:00:04]} Ke7 {[%emt 0:00:04]} 41. Bxh6 {[%emt 0:00:04]} Kf7 {[%emt 0:00:01]} 42. Bg5 {[%emt 0:00:04]} Kg6 {[%emt 0:00:03]} 43. Bd8 {[%emt 0:00:01]} Nc3 {[%emt 0:00:05]} 44. Ke3 {[%emt 0:00:23]} Nb1 {[%emt 0:00:02]} 45. Ke4 {[%emt 0:00:02]} Nxa3 {[%emt 0:00:02]} 46. Ke5 {[%emt 0:00:03]} Kf7 {[%emt 0:00:03]} 47. f5 {[%emt 0:00:07]} exf5 {[%emt 0:00:02]} 48. Kxf5 {[%emt 0:00:00]} Nc4 {[%emt 0:00:01]} 49. g5 {[%emt 0:00:02]} Nd6+ {[%emt 0:00:03]} 50. Ke5 {[%emt 0:00:04]} Nc4+ {[%emt 0:00:02]} 51. Kf5 {[%emt 0:00:01]} Nd6+ {[%emt 0:00:01]} 52. Ke5 {[%emt 0:00:01]} Nc4+ {[%emt 0:00:01]} 53. Kf5 {[%emt 0:00:02] (Lag: Av=0.60s, max=0.8s)} 1/2-1/2

[Event "Stay Safe Play From Home 222"]
[Site "T#646744Emanuel Laske"]
[Date "2020.06.12"]
[Round "4"]
[White "Tunca"]
[Black "Shyamph1980"]
[Result "1-0"]
[WhiteElo "1761"]
[BlackElo "1720"]
[Annotator "NA RC"]
[PlyCount "83"]
[EventDate "2020.06.12"]
[EventType "swiss (blitz)"]

1. e4 {[%emt 0:00:01]} c5 {[%emt 0:00:02]} 2. Nf3 {[%emt 0:00:04]} e6 {[%emt 0:00:01]} 3. d4 {[%emt 0:00:00]} cxd4 {[%emt 0:00:02]} 4. Nxd4 {[%emt 0:00:00]} a6 {[%emt 0:00:01]} 5. Nc3 {[%emt 0:00:00]} Qc7 {[%emt 0:00:00]} 6. Be2 {[%emt 0:00:08]} Nf6 {[%emt 0:00:01]} 7. O-O {[%emt 0:00:02]} Bb4 {[%emt 0:00:02]} 8. Qd3 {[%emt 0:00:11]} O-O {[%emt 0:00:11]} 9. Bd2 {[%emt 0:00:10]} Nc6 {[%emt 0:00:18]} 10. Qc4 {[%emt 0:00:19]} b5 {[%emt 0:00:14]} 11. Ndxb5 {[%emt 0:00:13]} axb5 {[%emt 0:00:22]} 12. Nxb5 {[%emt 0:00:00]} Qa5 {[%emt 0:00:08]} 13. c3 {[%emt 0:00:37]} Be7 {[%emt 0:00:04]} 14. b4 {[%emt 0:00:04]} Qb6 {[%emt 0:00:22]} 15. Be3 {[%emt 0:00:04]} Qb7 {[%emt 0:00:06]} 16. f4 {[%emt 0:00:19]} d5 {[%emt 0:00:02]} 17. exd5 {[%emt 0:00:07]} Nxd5 {[%emt 0:00:02]} 18. Bc5 {[%emt 0:00:26]} Bxc5+ {[%emt 0:00:06]} 19. Qxc5 {[%emt 0:00:00]} Qb6 {[%emt 0:00:20]} 20. Qxb6 {[%emt 0:00:01]} Nxb6 {[%emt 0:00:02]} 21. Bf3 {[%emt 0:00:02]} Bd7 {[%emt 0:00:06]} 22. Rfd1 {[%emt 0:00:02]} Rac8 {[%emt 0:00:05]} 23. Nd6 {[%emt 0:00:13]} Rc7 {[%emt 0:00:03]} 24. a4 {[%emt 0:00:01]} Nc8 {[%emt 0:00:08]} 25. Nb5 {[%emt 0:00:03]} Rb7 {[%emt 0:00:04]} 26. Rxd7 {[%emt 0:00:02]} Rxd7 {[%emt 0:00:02]} 27. Bxc6 {[%emt 0:00:00]} Rc7 {[%emt 0:00:01]} 28. Nd4 {[%emt 0:00:07]} Ne7 {[%emt 0:00:02]} 29. b5 {[%emt 0:00:04]} Nxc6 {[%emt 0:00:02]} 30. Nxc6 {[%emt 0:00:00]} Rfc8 {[%emt 0:00:02]} 31. a5 {[%emt 0:00:05]} Rxc6 {[%emt 0:00:01]} 32. bxc6 {[%emt 0:00:01]} Rxc6 {[%emt 0:00:00]} 33. a6 {[%emt 0:00:00]} Rc8 {[%emt 0:00:01]} 34. a7 {[%emt 0:00:01]} Ra8 {[%emt 0:00:01]} 35. Kf2 {[%emt 0:00:00]} Kf8 {[%emt 0:00:02]} 36. Ke3 {[%emt 0:00:00]} Ke7 {[%emt 0:00:00]} 37. Kd4 {[%emt 0:00:00]} Kd7 {[%emt 0:00:01]} 38. Kc5 {[%emt 0:00:01]} Kc7 {[%emt 0:00:00]} 39. c4 {[%emt 0:00:04]} Kb7 {[%emt 0:00:03]} 40. Kd6 {[%emt 0:00:03]} Rd8+ {[%emt 0:00:01]} 41. Ke7 {[%emt 0:00:02]} Ra8 {[%emt 0:00:08]} 42. Kxf7 {[%emt 0:00:04] Shyamph1980 resigns (Lag: Av=0.65s, max=1.0s)} 1-0

[Event "Stay Safe Play From Home 222"]
[Site "T#646744Emanuel Laske"]
[Date "2020.06.12"]
[Round "4"]
[White "BOODWUTCHER"]
[Black "Erdema"]
[Result "0-1"]
[WhiteElo "1253"]
[BlackElo "1587"]
[Annotator "NA RC"]
[PlyCount "86"]
[EventDate "2020.06.12"]
[EventType "swiss (blitz)"]

1. d4 {[%emt 0:00:02]} d5 {[%emt 0:00:02]} 2. e3 {[%emt 0:00:01]} Bf5 {[%emt 0:00:02]} 3. Bd3 {[%emt 0:00:01]} Bxd3 {[%emt 0:00:02]} 4. Qxd3 {[%emt 0:00:02]} Nc6 {[%emt 0:00:00]} 5. a3 {[%emt 0:00:02]} Nf6 {[%emt 0:00:03]} 6. f4 {[%emt 0:00:03]} e6 {[%emt 0:00:01]} 7. Nf3 {[%emt 0:00:02]} Bd6 {[%emt 0:00:01]} 8. O-O {[%emt 0:00:02]} O-O {[%emt 0:00:02]} 9. Nbd2 {[%emt 0:00:01]} Nd7 {[%emt 0:00:04]} 10. c4 {[%emt 0:00:02]} b6 {[%emt 0:00:05]} 11. Ng5 {[%emt 0:00:04]} g6 {[%emt 0:00:06]} 12. Ngf3 {[%emt 0:00:08]} f6 {[%emt 0:00:03]} 13. b4 {[%emt 0:00:04]} a6 {[%emt 0:00:08]} 14. c5 {[%emt 0:00:02]} bxc5 {[%emt 0:00:02]} 15. dxc5 {[%emt 0:00:03]} Be7 {[%emt 0:00:02]} 16. Bb2 {[%emt 0:00:02]} Re8 {[%emt 0:00:12]} 17. Rad1 {[%emt 0:00:01]} Bf8 {[%emt 0:00:03]} 18. Nh4 {[%emt 0:00:05]} Kf7 {[%emt 0:00:04]} 19. e4 {[%emt 0:00:07]} dxe4 {[%emt 0:00:03]} 20. Nxe4 {[%emt 0:00:01]} Bg7 {[%emt 0:00:05]} 21. Rf3 {[%emt 0:00:10]} f5 {[%emt 0:00:06]} 22. Ng5+ {[%emt 0:00:04]} Kg8 {[%emt 0:00:03]} 23. Bxg7 {[%emt 0:00:04]} Kxg7 {[%emt 0:00:02]} 24. Nxe6+ {[%emt 0:00:01]} Rxe6 {[%emt 0:00:07]} 25. Qd5 {[%emt 0:00:04]} Qe7 {[%emt 0:00:14]} 26. Qc4 {[%emt 0:00:32]} Re1+ {[%emt 0:00:00]} 27. Rf1 {[%emt 0:00:03]} Rxf1+ {[%emt 0:00:03]} 28. Qxf1 {[%emt 0:00:05]} Re8 {[%emt 0:00:02]} 29. Nf3 {[%emt 0:00:04]} Nf6 {[%emt 0:00:03]} 30. Ne5 {[%emt 0:00:03]} Nxe5 {[%emt 0:00:03]} 31. fxe5 {[%emt 0:00:01]} Qxe5 {[%emt 0:00:01]} 32. h4 {[%emt 0:00:07]} Ng4 {[%emt 0:00:03]} 33. g3 {[%emt 0:00:30]} Qxg3+ {[%emt 0:00:03]} 34. Qg2 {[%emt 0:00:01]} Re1+ {[%emt 0:00:03]} 35. Rxe1 {[%emt 0:00:05]} Qxe1+ {[%emt 0:00:02]} 36. Qf1 {[%emt 0:00:01]} Qxh4 {[%emt 0:00:04]} 37. Qg2 {[%emt 0:00:04]} f4 {[%emt 0:00:12]} 38. Qb2+ {[%emt 0:00:02]} Kh6 {[%emt 0:00:03]} 39. Qg2 {[%emt 0:00:05]} f3 {[%emt 0:00:12]} 40. Qh1 {[%emt 0:00:11]} f2+ {[%emt 0:00:05]} 41. Kg2 {[%emt 0:00:13]} Ne3+ {[%emt 0:00:02]} 42. Kf3 {[%emt 0:00:05]} Qxh1+ {[%emt 0:00:02]} 43. Kxe3 {[%emt 0:00:01]} f1=Q {[%emt 0:00:02] BOODWUTCHER resigns (Lag: Av=0.87s, max=2.5s)} 0-1

[Event "Stay Safe Play From Home 222"]
[Site "T#646744Emanuel Laske"]
[Date "2020.06.12"]
[Round "4"]
[White "Galatasaray01"]
[Black "Topspin"]
[Result "0-1"]
[WhiteElo "1177"]
[BlackElo "1450"]
[Annotator "NA RC"]
[PlyCount "52"]
[EventDate "2020.06.12"]
[EventType "swiss (blitz)"]

1. e4 {[%emt 0:00:04]} c5 {[%emt 0:00:01]} 2. Nf3 {[%emt 0:00:06]} e6 {[%emt 0:00:01]} 3. d4 {[%emt 0:00:02]} cxd4 {[%emt 0:00:01]} 4. Nxd4 {[%emt 0:00:01]} Nf6 {[%emt 0:00:01]} 5. Bg5 {[%emt 0:00:02]} Qa5+ {[%emt 0:00:11]} 6. Nc3 {[%emt 0:00:04]} Qxg5 {[%emt 0:00:02]} 7. Nf3 {[%emt 0:00:13]} Qa5 {[%emt 0:00:03]} 8. Bd3 {[%emt 0:00:03]} Bb4 {[%emt 0:00:02]} 9. Qd2 {[%emt 0:00:10]} d5 {[%emt 0:00:03]} 10. exd5 {[%emt 0:00:02]} Nxd5 {[%emt 0:00:01]} 11. O-O {[%emt 0:00:13]} Bxc3 {[%emt 0:00:03]} 12. bxc3 {[%emt 0:00:05]} Qxc3 {[%emt 0:00:02]} 13. Qg5 {[%emt 0:00:06]} Qf6 {[%emt 0:00:02]} 14. Bb5+ {[%emt 0:00:06]} Bd7 {[%emt 0:00:03]} 15. Bxd7+ {[%emt 0:00:13]} Nxd7 {[%emt 0:00:02]} 16. Qd2 {[%emt 0:00:02]} O-O {[%emt 0:00:08]} 17. c4 {[%emt 0:00:04]} N5b6 {[%emt 0:00:01]} 18. a4 {[%emt 0:00:08]} Rad8 {[%emt 0:00:02]} 19. Qb4 {[%emt 0:00:04]} Ne5 {[%emt 0:00:10]} 20. a5 {[%emt 0:00:02]} Nxf3+ {[%emt 0:00:02]} 21. gxf3 {[%emt 0:00:04]} Nd7 {[%emt 0:00:17]} 22. Qxb7 {[%emt 0:00:12]} Ne5 {[%emt 0:00:02]} 23. c5 {[%emt 0:00:15]} Nxf3+ {[%emt 0:00:03]} 24. Kh1 {[%emt 0:00:04]} Nd2 {[%emt 0:00:14]} 25. Rfd1 {[%emt 0:00:04]} Qf3+ {[%emt 0:00:10]} 26. Kg1 {[%emt 0:00:11]} Qxb7 {[%emt 0:00:03] Galatasaray01 terk eder (Lag: Av=1.18s, max=4.3s)} 0-1